000
00257nam a22001217a 4500
082
_a
494
_b
SAR/F
100
_a
SHARAN, SHREE
245
_a
SRESHT HINDI NIBHANDH
260
_a
DELHI
_b
CLASS PUBLICATION
300
_a
289
650
_a
ESSAY
_z
DELHI
942
_c
BK
999
_c
4428
_d
4428